000 00845cam a22002177a 4500
003 MX-MxUPN
005 20260115102153.0
008 241108s2013 mx|o|||fr|||| 000 0 spa d
020 _a9786077761501
040 _aMX-MxUPN
_bspa
050 4 _aLB1140.25 M6
_bC367 2013
100 1 _aCampos Alba, Élida Lucía
_954554
245 1 0 _aDe las escuelas de párvulos a los jardines de niños :
_bconstrucción de la cultura escolar en la educación preescolar del Estado de México (1881-1926)
250 _aPrimera edición
260 _aZinacantepec, México :
_bEl Colegio Mexiquense
_c2013
300 _a442 páginas :
_bfotografías
500 _aDonación Dra. Elida Campos Alba
650 4 _aEducación preescolar
_zEstado de México
_vHistoria
_954555
902 _aMarisolLicea/08112024
_bVíctorGodínez/081124
942 _2lcc
_cLIBRO
_n0
999 _c212050
_d212050